Statistics for Characteristics of an Entrepreneur

Click here to take the quiz!

General Stats

  • This quiz has been taken 11 times
  • The average score is 2 of 10

Answer Stats

Characteristic% Correct
Risk-taking
50%
Self-confidence
38%
Hardworking
25%
Curiosity
13%
Imagination
13%
Independence
13%
Persistence
13%
Flexibility
0%
Goal-setting
0%
Perceptiveness
0%

Score Distribution

Percentile by Number Answered

Percent of People with Each Score

Your Score History

You have not taken this quiz